| 000 | 00869nam a2200229 i 4500 | ||
|---|---|---|---|
| 001 | 123967 | ||
| 003 | ES-MaACL | ||
| 005 | 20251218134138.0 | ||
| 007 | t| | ||
| 008 | 070214s1922 sp r ||||1| spa d | ||
| 100 | 1 |
_aVilla-Urrutia, Wenceslao Ramírez de Villa-Urrutia, _cMarqués de, _d1850-1933 _9114894 |
|
| 245 | 1 | 0 |
_aLucrecia Borja _b: estudio histórico / _cMarqués de Villa-Urrutia. |
| 260 |
_aMadrid : _bFrancisco Beltrán : _bLibrería Española y Extranjera, _c1922 ( _fTip. Cervantes) |
||
| 300 |
_a237 p. ; _c22 cm. |
||
| 530 | _aDisponible en formato digital. | ||
| 600 | 1 | 4 |
_aBorgia, Lucrezia. _930479 |
| 651 | 4 |
_aItalia- _xHistoria- _y1492-1559. _9153909 |
|
| 852 |
_aES-MaACL _jF-4279 _cDEPO2 |
||
| 856 | 4 |
_uhttp://bdh-rd.bne.es/viewer.vm?id=0000167938&page=1 _y(Biblioteca Digital Hispánica) |
|
| 942 | _2udc | ||
| 999 |
_c123967 _d123967 |
||